Pokémon - Les attaques de Golgopathe - Statistiques

Statistiques générales
  • Ce quiz a été pris 16 fois
  • Le résultat moyen est 10 sur 15
Statistiques - réponses
Niveaux Types Noms des attaques % Correct
Départ Eau Pistolet à O
100%
Niveau 54 Roche Lame de Roc
89%
Niveau 32 Ténèbres Aiguisage
78%
Niveau 36 Eau Coqui-Lame
78%
Départ Sol Coud'Boue
78%
Départ Normal Griffe
78%
Niveau 24 Roche Poliroche
78%
Niveau 20 Roche Pouvoir Antique
78%
Départ Eau Repli
78%
Niveau 12 Insecte Taillade
78%
Niveau 28 Normal Tranche
67%
Niveau 48 Combat Coup Croix
56%
Niveau 42 Normal Exuviation
56%
Niveau 16 Normal Combo-Griffe
44%
Départ Normal Coud'Krâne
0%
Aucun quiz correspondant
Distribution des résultats
% des personnes avec chaque résultat
Percentile par nombre de réponses
Votre historique - résultats
Vous n’avez pas pris ce quiz